| Tag |
First Indicator |
Second Indicator |
Subfields |
| LEADER |
00000cam a2200000Ka 4500 |
| 001 |
in00002781713 |
| 005 |
20150922123914.0 |
| 006 |
m f d |
| 007 |
cr unu|||||||| |
| 008 |
121012s2012 txu obm 000 0 eng d |
| 035 |
|
|
|a (OCoLC)ocn812658280
|
| 035 |
|
|
|a (OCoLC)812658280
|
| 035 |
|
|
|a (TxCM)http://hdl.handle.net/1969.1/ETD-TAMU-2011-12-10604
|
| 040 |
|
|
|a TXA
|c TXA
|d UtOrBLW
|
| 049 |
|
|
|a TXAM
|
| 099 |
|
|
|a 2011
|a Dissertation
|a 1969.1/ETD-TAMU-2011-12-10604
|
| 100 |
1 |
|
|a Frazier, Corey Anthony.
|
| 245 |
1 |
0 |
|a Modeling solid propellant strand burner experiments with catalytic additives /
|c by Corey Anthony Frazier.
|
| 264 |
|
1 |
|a [College Station, Tex.] :
|b [Texas A&M University],
|c [2012]
|
| 300 |
|
|
|a 1 online resource.
|
| 336 |
|
|
|a text
|b txt
|2 rdacontent
|
| 337 |
|
|
|a computer
|b c
|2 rdamedia
|
| 338 |
|
|
|a online resource
|b cr
|2 rdacarrier
|
| 500 |
|
|
|a "Major Subject: Mechanical Engineering"
|
| 588 |
|
|
|a Description from author supplied metadata (automated record created 2012-07-26 09:07:26).
|
| 502 |
|
|
|b Doctor of Philosophy
|c Texas A&M University
|d 2011
|o http://hdl.handle.net/1969.1/ETD-TAMU-2011-12-10604
|
| 504 |
|
|
|a Includes bibliographical references.
|
| 516 |
|
|
|a Text (Dissertation)
|
| 520 |
3 |
|
|a This dissertation studies how nanoadditives influence burning rates through the development and use of a model to conduct parametric studies on nanoadditive interaction and to formulate theories. Decades of research have yet to determine the specific mechanisms for additive influence and the theories remain diverse and fragmented. It has been theorized that additives catalyze the combustion and thermal decomposition of AP, influence the condensed phases, and enhance the pyrolysis and regression of the binder. The main focus of the thesis was to approximate the enhanced boratory using spray-dried, spray-dried/heat-treated, and premixed TiO2 nanoadditives with ammonium perchlorate (AP) / hydroxyl-terminated polybutadiene (HTPB) composite propellants. The model is based on the classic Beckstead-Derr-Price (BDP) and Cohen-Strand models and contains a component that determines the pressure changes within the strand burner during a test. The model accurately predicts measured burning rates for baseline propellants without additives over a range of 500 - 3000 psi within 10%. The strand burner component of the model predicts the experimental pressure trace accurately. Further, the strand burner component determines an average burning rate over time and predicts a transient burning rate if provided a pressure trace. A parametric study with the model parameters determined that the nanoadditives appear to be increasing the AP condensed phase reaction rate. This conclusion was drawn because only changes in AP condensed-phase reaction rate would adequately and realistically replicate burning rate enhancements seen in laboratory experiments. Parametric studies with binder kinetics, binder regression rate, AP surface kinetics, and primary flame kinetics produced burning rate behavior that did not match that seen in experiments with the additives. The model was further used to develop a theory for how the nanoadditive affects the AP condensed phase, and a new parameter, (Omega)c, that influences the AP condensed phase reaction rate was created that replicates spray-dried, spray-dried/heat-treated, and premixed TiO2 nanoadditive experimental burning rates. Finally, the model was used to develop a first approximation of predicting anomalous burning rate trends such as a negative pressure dependence and extinguishment. A new term, Mc, that modifies the ratio of binder mass flux to oxidizer mass flux is used in tandem with (Omega)c to develop a negative burning rate trend that is close to the experimental result.
|
| 500 |
|
|
|a Electronic resource.
|
| 650 |
|
4 |
|a Major Mechanical Engineering.
|
| 653 |
|
|
|a Modeling
|
| 653 |
|
|
|a Nanoparticles
|
| 653 |
|
|
|a Nanoadditives
|
| 653 |
|
|
|a Solid Propellant
|
| 700 |
1 |
|
|a Petersen, Eric L.,
|e thesis advisor.
|
| 856 |
4 |
0 |
|u http://hdl.handle.net/1969.1/ETD-TAMU-2011-12-10604
|z Link to OAK Trust copy
|t 0
|
| 994 |
|
|
|a C0
|b TXA
|
| 948 |
|
|
|a cataloged
|b h
|c 2012/10/12
|d o
|e jho
|f 4:24:23 pm
|
| 999 |
|
|
|a MARS
|
| 999 |
f |
f |
|s 76d3b8ff-be4a-3513-a94c-7356b275b795
|i dcf8578b-c469-3f3c-b7be-68ba71764794
|t 0
|
| 952 |
f |
f |
|a Texas A&M University
|b College Station
|c Electronic Resources
|d Available Online
|t 0
|e 2011 Dissertation 1969.1/ETD-TAMU-2011-12-10604
|h Other scheme
|
| 998 |
f |
f |
|a 2011 Dissertation 1969.1/ETD-TAMU-2011-12-10604
|t 0
|l Available Online
|